000 01426nam0a22003011 4500
001 rc\778309
005 20260406221541.0
035 _a(NLR Aleph) 006304326
090 _a7284495
_c7284495
100 _a20040301d1983 |||y0rusy50 ca
101 0 _arus
_aarm
102 _aRU
105 _aa |||||||||
200 1 _aМариам Асламазян, народный художник Армянской ССР
_e[Каталог выставки]
_f[Сост. Т. Махмурян
_gВступ. статья М. Степанян]
210 _aЕреван
_cБ. и.
_d1983
215 _a81 с.
_cил., цв. ил.
_d22
300 _aПарал. загл. на арм. яз.
300 _aВ надзаг.: Дом художника Армении, Союз художников Армении, Изд-во "Советакан грох"
300 _aТекст парал. на рус. и арм. яз.
320 _aБиблиогр.: с. 76-81
702 1 _4220
_7ca
_8rus
_aМахмурян
_bТ. Л.
_cактриса, искусствовед
_f1910-1989
_gТатьяна Львовна
_9206734
_3RU\NLR\AUTH\770206786
710 1 0 _aАсламазян,
_gМариам Аршаковна
_hВыставка произведений
_f1983
_eЕреван
_3RU\NLR\AUTH\889976310
_9449468
801 0 _aRU
_bNLR
_gpsbo
801 1 _aRU
_bELAR
_2rusmarc
852 _aNLR
_bЭ
_jКП/А904
942 _cBOOK
980 _aNB